Statistics for Famous People Born in Oregon

Click here to take the quiz!

General Stats

  • This quiz has been taken 98 times
  • The average score is 3 of 7

Answer Stats

DescriptionFamous PersonBirth City% Correct
Late actor of Stand By Me, brother of JoaquinRiver PhoenixMadras
62%
Owner of the Australia Zoo, wife of SteveTerri IrwinEugene
53%
Actor known for Finding Dory and Muppets Most WantedTy BurrellGrants Pass
50%
Creator of The Simpsons and FuturamaMatt GroeningPortland
41%
Founder and CEO of NikePhil KnightPortland
41%
Nez Pearce Indian Chief of Nez Pearce WarChief JosephWallowa Valley
32%
Actor as Sam Beauregarde in Willy WonkaLeonard StoneSalem
15%

Score Distribution

Percentile by Number Answered

Percent of People with Each Score

Your Score History

You have not taken this quiz